| 000 | 01177nam a22002297a 4500 | ||
|---|---|---|---|
| 999 |
_c18693 _d18693 |
||
| 003 | BDDh-ASL | ||
| 005 | 20231015025725.0 | ||
| 008 | 201021s1989 bg ||||| |||| 00| 0 ben d | ||
| 040 |
_aBDDh-ASL _cBDDh-ASL _dBDDh-ASL |
||
| 041 | _aben | ||
| 082 |
_a417 _bGOP |
||
| 100 |
_91552 _aওঝা, গৌরীশংকর হীরাচাঁদ _cরায়বাহাদুর পন্ডিত |
||
| 245 | 0 | 0 |
_aপ্রাচীন ভারতীয় লিপিমালা/ _cরায়বাহাদুর পন্ডিত গৌরীশঙ্কর হীরাচাঁদ ওঝা; শ্রীমণীন্দ্র নাথ সমাজদার (সম্পা.)। |
| 246 | _aPracheen Bharateeya Lipimala | ||
| 260 |
_aঢাকা: _bবাংলা একাডেমী, _c১৯৮৯। |
||
| 300 |
_aপৃ. ৫৬৬: _c২২ সে.মি.। |
||
| 504 | _aনির্ঘন্ট সংযুক্ত। | ||
| 650 | 0 |
_aLanguage (ভাষা) _91524 |
|
| 650 | 0 |
_91554 _aভারতীয় লিপিমালা |
|
| 700 |
_91553 _aসমাজদার, শ্রীমণীন্দ্র নাথ |
||
| 942 |
_2ddc _cBK |
||